2025/26 English Football League Teams - Statistics

General Stats
  • This quiz has been taken 147 times
  • The average score is 69 of 92
Answer Stats
League Team % Correct
Premier League Arsenal
98%
Premier League Aston Villa
98%
Premier League Brighton & Hove Albion
98%
Premier League Liverpool
98%
Premier League Manchester City
98%
Premier League Manchester United
98%
Premier League Wolverhampton Wanderers
98%
Premier League Chelsea
97%
Premier League Everton
97%
Premier League Sunderland
97%
Premier League Tottenham Hotspur
97%
Premier League Brentford
96%
Premier League Bournemouth
95%
Premier League Crystal Palace
95%
Premier League Leeds United
95%
Premier League Newcastle United
95%
Premier League Burnley
94%
Premier League Fulham
94%
Premier League West Ham United
94%
Premier League Nottingham Forest
92%
Championship Southampton
92%
Championship Norwich City
91%
Championship Blackburn Rovers
90%
Championship Leicester City
90%
Championship Sheffield Wednesday
90%
Championship Sheffield United
89%
Championship Birmingham City
87%
League One Cardiff City
87%
Championship Queens Park Rangers
87%
Championship Ipswich Town
86%
Championship Derby County
85%
Championship Swansea City
85%
Championship Portsmouth
84%
League One Luton Town
83%
Championship Coventry City
82%
Championship Wrexham
82%
Championship Bristol City
81%
Championship Stoke City
81%
League One AFC Wimbledon
80%
Championship Hull City
80%
Championship Oxford United
80%
Championship Middlesbrough
79%
Championship West Bromwich Albion
79%
League One Blackpool
78%
League One Bolton Wanderers
78%
League One Plymouth Argyle
77%
Championship Watford
76%
Championship Preston North End
74%
League One Huddersfield Town
73%
League One Reading
72%
Championship Charlton Athletic
71%
Championship Millwall
71%
League One Wigan Athletic
69%
League Two Notts County
68%
League Two Accrington Stanley
67%
League One Barnsley
67%
League One Exeter City
67%
League Two Milton Keynes Dons
67%
League Two Oldham Athletic
67%
League Two Salford City
67%
League Two Cambridge United
65%
League Two Grimsby Town
65%
League One Bradford City
64%
League One Lincoln City
64%
League One Doncaster Rovers
61%
League One Leyton Orient
61%
League Two Bristol Rovers
60%
League Two Colchester United
60%
League One Mansfield Town
60%
League One Peterborough United
60%
League One Northampton Town
59%
League One Port Vale
59%
League One Wycombe Wanderers
59%
League Two Gillingham
58%
League One Rotherham United
58%
League One Stockport County
57%
League Two Tranmere Rovers
57%
League Two Cheltenham Town
56%
League Two Newport County
55%
League One Burton Albion
54%
League Two Chesterfield
54%
League Two Swindon Town
54%
League Two Crawley Town
52%
League Two Shrewsbury Town
52%
League Two Bromley
51%
League Two Walsall
51%
League Two Harrogate Town
50%
League Two Barnet
49%
League Two Fleetwood Town
49%
League Two Barrow
48%
League Two Crewe Alexandra
46%
League One Stevenage
46%
No matching quizzes found
Score Distribution
Percent of People with Each Score
Percentile by Number Answered
Your Score History
You have not taken this quiz